Tribunal de Cassació de Catalunya / Josep M. Mas i Solench ; pòrtic de Joaquim Xicoy i Bassegoda
Descripción Física:
116 p. : il. ; 21 cm
Otros Autores:
Xicoy i Bassegoda, Joaquim, pr
Materias:
Catalunya. Tribunal de Cassació
MARC
| LEADER | 00000nam a2200000Ia 4500 | ||
|---|---|---|---|
| 001 | 11097 | ||
| 008 | 160829s1987 xx 000 0 cat d | ||
| 080 | |a D-1-119 | ||
| 100 | |a Mas i Solench, Josep M. |9 55 | ||
| 245 | |a Tribunal de Cassació de Catalunya / Josep M. Mas i Solench ; pòrtic de Joaquim Xicoy i Bassegoda | ||
| 260 | |a Barcelona : |b Generalitat de Catalunya, Departament de Justícia, |c 1987 | ||
| 300 | |a 116 p. : |b il. ; |c 21 cm | ||
| 650 | |a Catalunya. Tribunal de Cassació |9 36963 | ||
| 700 | |a Xicoy i Bassegoda, Joaquim, pr. |9 36964 | ||
| 710 | 1 | |a Catalunya. |b Departament de Justícia |9 53891 | |
| 901 | |a Arxiu | ||
| 942 | |n 1 | ||
| 952 | |0 0 |1 0 |4 0 |6 D1119 |7 1 |9 47587 |a Arxiu |b Arxiu |d 2016-12-01 |l 0 |o D-1-119 |p 11097 |r 2016-12-01 00:00:00 |w 2016-12-01 |y ARXIU | ||
| 999 | |c 51386 |d 51386 | ||